AI umění : strojové vize a pokřivené sny

Saved in:
Bibliographic Details
Main Author Zylinska, Joanna, 1971- (Author)
Other Authors Adamovič, Ivan, 1967- (Translator)
Format Book
LanguageCzech
Published [Praha] : UMPRUM, 2026
EditionVydání první
SeriesKatedra
Subjects
ISBN978-80-88622-42-0
Physical Description140 stran : barevné ilustrace ; 20 cm

Cover

LEADER 00000nam a2200000 i 4500
001 115751
003 CZ ZlUTB
005 20260602070725.0
007 ta
008 250731s2026 xr a f 000 0 cze
015 |a cnb003697912 
020 |a 978-80-88622-42-0  |q (brožováno) 
040 |a BOA001  |b cze  |e rda 
041 1 |a cze  |h eng 
072 7 |a 004.8  |x Umělá inteligence  |2 Konspekt  |9 23 
080 |a 004.8  |2 MRF 
080 |a 004.825  |2 MRF 
080 |a 72/76:004.92/.94  |2 MRF 
080 |a 159.954  |2 MRF 
080 |a (048.8)  |2 MRF 
100 1 |a Zylinska, Joanna,  |d 1971-  |7 jx20100114010  |4 aut 
240 1 0 |a AI art.  |l Česky 
245 1 0 |a AI umění :  |b strojové vize a pokřivené sny /  |c Joanna Zylinska ; z anglického originálu AI art ... přeložil Ivan Adamovič 
250 |a Vydání první 
264 1 |a [Praha] :  |b UMPRUM,  |c 2026 
300 |a 140 stran :  |b barevné ilustrace ;  |c 20 cm 
336 |a text  |b txt  |2 rdacontent 
337 |a bez média  |b n  |2 rdamedia 
338 |a svazek  |b nc  |2 rdacarrier 
490 1 |a Katedra ;  |v 15 
504 |a Obsahuje bibliografii a bibliografické odkazy 
650 0 7 |a umělá inteligence  |7 ph116536  |2 czenas 
650 0 7 |a generativní umělá inteligence  |7 ph1268083  |2 czenas 
650 0 7 |a digitální umění  |7 ph367679  |2 czenas 
650 0 7 |a kreativita  |7 ph121937  |2 czenas 
650 0 9 |a artificial intelligence  |2 eczenas 
650 0 9 |a generative artificial intelligence  |2 eczenas 
650 0 9 |a digital art  |2 eczenas 
650 0 9 |a creative ability  |2 eczenas 
655 7 |a studie  |7 fd133597  |2 czenas 
655 9 |a studies  |2 eczenas 
700 1 |a Adamovič, Ivan,  |d 1967-  |7 jn99240000010  |4 trl 
710 2 |a Vysoká škola uměleckoprůmyslová  |7 kn20010709185  |4 pbl 
830 0 |a Katedra 
910 |a ZLD002 
928 9 |a Vysoká škola uměleckoprůmyslová v Praze 
942 |2 udc 
952 |0 0  |1 0  |4 0  |6 701ZYLINSKAJ  |7 -1  |8 BOOK  |9 191395  |a UTBZL  |b UTBZL  |c 005  |d 2026-06-02  |l 0  |o 7.01/ZYLINSKA,J.  |p 420010202225  |r 2026-06-02 07:09:06  |v 450.00  |w 2026-06-02  |x N:nákup  |y 01 
952 |0 0  |1 0  |4 0  |6 701ZYLINSKAJ  |7 -1  |8 BOOK  |9 191396  |a UTBZL  |b UTBZL  |c 006  |d 2026-06-02  |l 0  |o 7.01/ZYLINSKA,J.  |p 420010202226  |r 2026-06-02 07:09:29  |v 450.00  |w 2026-06-02  |x N:nákup  |y 04 
992 |a BK  |b SKNEW 
999 |c 115751  |d 115751